000 00597cam a2200205 4500
001 D14422
008 090401t1931 xxu||||| |||| 00| 0 eng d
035 _a(Sirsi) u15603
041 _aeng
110 _aWestern Australia. Office of Land Titles
_93325
245 _aGeneral regulations for the guidance of surveyors under The Licensed Surveyors Act 1909 ...
260 _aPerth
_bWestern Australia Office of Land Titles
_c1931
300 _a24p. ; 21cm.
350 _a0
520 _aShelf 137
650 _aAUSTRALIA
650 _aLICENSED SURVEYORS
942 _n0
948 _c04/03/1997
999 _c87292
_d87292